| 000 | 00817nam a2200241 a 4500 | ||
|---|---|---|---|
| 001 | 4129 | ||
| 003 | MO | ||
| 005 | 20170315104105.0 | ||
| 008 | 090210s19uu xx 00 eng d | ||
| 020 | _a0-06-058660-5 | ||
| 050 |
_aTR _bP88 2004 |
||
| 100 | _aPratchett, Terry | ||
| 245 |
_aA hat full of sky / _cby Terry Pratchett. |
||
| 250 | _a1st ed. | ||
| 260 |
_aNew York : _bHarper Collins, _cc2004. |
||
| 300 | _a278 p. cm. | ||
| 520 | _aTiffany Aching, a young witch in training, learns about magic and responsibility as she battles a disembodied monster with the assistance of the six-inch-high Wee free men and mistress Weatherwax, the greatest witch in the world | ||
| 650 |
_aWitches _xFiction. |
||
| 650 |
_aFairies _xFiction. |
||
| 650 |
_aMonsters _xFiction. |
||
| 942 |
_2ddc _cBK |
||
| 999 |
_c110652 _d110652 |
||